000 00457nam a2200181Ia 4500
008 100917s9999 xx 000 0 und d
082 _b43515
100 _aसंत वि. द.
245 _aगुलमोहर
260 _bप्रणव प्रकाशन
_c1980
300 _a102
365 _b12
520 _aकथा
630 _aगुलमोहर
650 _aकथा
730 _aगुलमोहर
942 _cBOOK
999 _c648909
_d648906